Financial management: (Record no. 159452)

MARC details
000 -LEADER
fixed length control field 00722nam a22002177a 4500
005 - DATE AND TIME OF LATEST TRANSACTION
control field 20181218141910.0
010 ## - LCCN (DPL NO)
LC control number ENG-124567
020 ## - INTERNATIONAL STANDARD BOOK NUMBER
International Standard Book Number 9789353162184
Terms of availability 860.00
035 ## - SYSTEM CONTROL NUMBER
System control number EN-108099
037 ## - SOURCE OF ACQUISITION
Source of stock number/acquisition DBAD/PUB.
082 ## - DEWEY DECIMAL CLASSIFICATION NUMBER
Classification number 658.15
100 ## - MAIN ENTRY--PERSONAL NAME
Personal name Khan M Y
245 ## - TITLE STATEMENT
Title Financial management:
Statement of responsibility, etc by M Y Khan [and] P K Jain
Remainder of title text, problems and cases /
250 ## - EDITION STATEMENT
Edition statement 8th ed.
260 ## - PUBLICATION, DISTRIBUTION, ETC. (IMPRINT)
Name of publisher, distributor, etc Tata McGraw Hill
Date of publication, distribution, etc 2019
Place of publication, distribution, etc Chennai
270 ## - ADDRESS
Address 444,/1, Sri Ekambara Naicker Industrial Estate, Alapakkam, Porur,
City Chennai
Postal code 600116
300 ## - PHYSICAL DESCRIPTION
Extent various paging
Dimensions 26cm(pbk)
Other physical details ill.
500 ## - GENERAL NOTE
General note It includes appendices, select bibliography and index
700 ## - ADDED ENTRY--PERSONAL NAME
Personal name Jain, P K
942 ## - ADDED ENTRY ELEMENTS (KOHA)
Source of classification or shelving scheme Dewey Decimal Classification
Item type English Books
Call number suffix KHA
Classification part 658.15
Holdings
Withdrawn status Lost status Not for loan Collection code Home library Current library Date acquired Source of acquisition Cost, normal purchase price Full call number Barcode Copy number Cost, replacement price Koha item type
    Not For Loan Non-fiction D.B.Act.Division Bawana 18/12/2018 DBAD/PUB 860.00 658.15 KHA EN-108099 1 860.00 English Books

© Delhi Public Library
Hit Counter
free hit counter